000 00637nam a2200217 a 4500
005 20140310183358.0
008 121114s19uu xx 00 eng d
020 _a9780205627738
050 _aPN 2085
_b.St77 2010
100 _aStern, Lawrence
245 _aStage management /
_cLawrence Stern, Alice R. O'Grady.
250 _a9th ed.
260 _aBoston, MA :
_bAllyn & Bacon / Pearson,
_c2010.
300 _axii, 340 p. :
_bill. ;
_c25 cm.
500 _aIncludes bibliographical references and index
521 _aMC
650 _aStage management
700 _aO'Grady, Alice R.
942 _cBK
_2lcc
_kFOR
999 _c22287
_d22287